Hodnota koruny je hodnotou ekonomiky vplyvy zvoleného kurzového režimu v SR sú oveľa väčšie ako vo veľkých ekonomikách

Bibliographic Details
Main Author: Onuferová, Marianna (Author)
Format: Article
Language:Slovak
ISSN:1335-4620
Subjects:

MARC

LEADER 00000nab a2200000 a 4500
001 vtls000763895
003 SK-MaSNL
005 20260302154041.0
008 180207c2001 xo 0 slo
015 |a SNBRB2001/07-21640 
035 |a CLN000115682 
040 |a SNKBUCL  |b slo  |c SNKBUCL  |e AACR2 
041 0 |a slo 
044 |a xo  |c SK 
080 |a 336.748(437.6)  |2 UDC-MRF-SK2 
100 1 |a Onuferová, Marianna  |4 aut  |9 838836 
245 1 0 |a Hodnota koruny je hodnotou ekonomiky  |b vplyvy zvoleného kurzového režimu v SR sú oveľa väčšie ako vo veľkých ekonomikách  |c Marianna Onuferová 
650 0 7 |a mena slovenská  |x vývoj menový  |x kurz menový  |2 snkbucl  |9 850087 
650 0 7 |a devízové kurzy  |2 snkbucl  |9 2129 
655 7 |a články z novín a časopisov  |2 snkbucl  |9 267496 
773 0 |x 1335-4620  |t Profit  |g Roč. 9, č. 22 (2001), s. 12-13 
850 |a Slovenská národná knižnica v Martine 
852 |a SNK  |b KIS3GCP 
958 |a RBX 
999 |c 1367330  |d 1369260